Sporting Teams in Sydney - Statistics

General Stats
  • This quiz has been taken 30 times
  • The average score is 13 of 16
Answer Stats
Answer % Correct
Cronulla-Sutherland Sharks
92%
Manly Warringah Sea Eagles
92%
Sydney Swans
92%
Wests Tigers
92%
Canterbury-Bankstown Bulldogs
88%
Sydney Roosters
88%
Penrith Panthers
84%
Sydney FC
84%
Parramatta Eels
80%
South Sydney Rabbitohs
80%
St. George Illawarra Dragons
80%
Sydney Sixers
80%
Greater Western Sydney Giants
76%
Sydney Thunder
76%
Western Sydney Wanderers
76%
Macarthur
52%
No matching quizzes found
Score Distribution
Percent of People with Each Score
Percentile by Number Answered
Your Score History
You have not taken this quiz